00788nas a2200229Ia 4500001001100000003000900011008004100020040001300061040001300074041001300087100004900100210002000149222002000169245007100189250001100260260002900271501008600300300001700386362003300403500008600436650003600522R012/62187IT-RoPAU151124c99999999xx |||||||||||| ||und|| aIT-RoPAU cIT-RoPAU aITALIANO aPellizzari LorenzogCodice Aut. SPICS: 2749 aCINEMA & CINEMA aCinema & Cinema aCINEMA & CINEMA, ANNO 14-N.49 (GIUGNO 1987)bFonti Letterarie (Le) a1a ed. aMILANObINTRAPRESAc1987 bPaulus - SPICS - Società San Paolo EM (non-commercial uses only)cCopyright2015 a4 p. [46-49] aANNO 014, N.49 (GIUGNO 1987) aScrittore nel Cinema Italiano. Maggior Parte dei Film Hanno Come Fonte i Romanzi. aCINEMAvPUBBLICAZIONE PERIODICA